Biện pháp quản lý chất lượng thực tập lâm sàng của học sinh ngành điều dưỡng tại bệnh viện Đà Nẵng

Cơ sở lý luận về quản lý chất lượng hoạt động thực tập lâm sàng của học sinh ngành điều dưỡng; Thực trạng quản lý chất lượng hoạt động...; Biện pháp quản lý chất lượng...; ...

Sparad:
Bibliografiska uppgifter
Huvudupphovsman: Nguyễn Thị Thu Dung
Övriga upphovsmän: Huỳnh Thị Tam Thanh TS. (Hướng dẫn)
Materialtyp: Bok
Språk:Vietnamese
Publicerad: Đà Nẵng Đại học Đà Nẵng 2013
Ämnen:
Taggar: Lägg till en tagg
Inga taggar, Lägg till första taggen!
Thư viện lưu trữ: Mạng thư viện Đại học Đà Nẵng
LEADER 01780nam a2200349 4500
001 000019391
003 15826
005 20140428090405.0
008 140428s2013 viesd
041 |a vie 
082 1 4 |a 378.1942  |b NG-D 
100 |a Nguyễn Thị Thu Dung 
245 |a Biện pháp quản lý chất lượng thực tập lâm sàng của học sinh ngành điều dưỡng tại bệnh viện Đà Nẵng  |c Nguyễn Thị Thu Dung ; Huỳnh Thị Tam Thanh hướng dẫn.  |k Luận văn Thạc sĩ 
260 |a Đà Nẵng  |b Đại học Đà Nẵng  |c 2013 
300 |a 112 tr., phụ lục 49 tr.  |c 29 cm.  |e Tóm tắt 
500 |a Luận văn thạc sĩ Quản lý giáo dục. Chuyên ngành: Quản lý giáo dục. Mã số: 60.14.05. 
520 |a Cơ sở lý luận về quản lý chất lượng hoạt động thực tập lâm sàng của học sinh ngành điều dưỡng; Thực trạng quản lý chất lượng hoạt động...; Biện pháp quản lý chất lượng...; ... 
650 0 4 |a Giáo dục đại học  |v Luận văn tốt nghiệp  |x Quản lí  |x Đào tạo nghề  |z Đà Nẵng 
653 |a Giáo dục đại học 
653 |a Đào tạo nghề 
653 |a Quản lý giáo dục 
700 1 |a Huỳnh Thị Tam Thanh  |c TS.  |e Hướng dẫn 
OWN |a LSP 
AVA |a UDN50  |b LSP  |d 378.1942 NG-D  |e available  |t Error 5001 Not defined in file expand_doc_bib_avail.  |f 1  |g 0  |h N  |i 0  |k 1 
999 |a From the UDN01 
AVA |a UDN50  |b LSP  |d 378.1942 NG-D  |e available  |t Error 5001 Not defined in file expand_doc_bib_avail.  |f 1  |g 0  |h N  |i 0  |k 1 
TYP |a Monograph 
TYP |a Printed language 
980 |a Mạng thư viện Đại học Đà Nẵng